Statistics for Every Set It Off Song (Including ft.)

Click here to take the quiz!

General Stats

  • This quiz has been taken 15 times
  • The average score is 31 of 128

Answer Stats

HintAnswer% Correct
Partners In Crime ( feat. Ash Costello )
100%
Wolf In Sheep's Clothing (Acoustic)
100%
Wolf In Sheep's Clothing (feat. William Beckett)
100%
I'll Sleep When I'm Dead
75%
I'll Sleep When I'm Dead - Acoustic
75%
I'll Sleep When I'm Dead - Mira Remix
75%
Bleak December
50%
Bleak December (Acoustic)
50%
Cut Off
50%
Dad's Song
50%
Dancing With The Devil
50%
Duality
50%
Horrible Kids
50%
Hourglass
50%
MidnightKiller In The Mirror
50%
After MidnightKiller In The Mirror - Acoustic
50%
Loose Cannon
50%
Me W/O Us
50%
Miss Mysterious
50%
Nightmare
50%
N.M.E.
50%
Plastic Promises
50%
Projector
50%
ElsewhereSkeleton
50%
Skeleton (Slowed & Reverb)
50%
Swan Song
50%
Swan Song - Acoustic
50%
DualityThe Haunting
50%
The Haunting (Acoustic)
50%
Ancient History
25%
Duality: Stories UnpluggedAncient History (Acoustic)
25%
As Good As It Gets
25%
Ashley's Song
25%
Bad Guy
25%
Better Than This
25%
Catch A Break
25%
Cordial
25%
Criminal Minds
25%
Dangerous
25%
Distance Disturbs Me
25%
Dream Catcher
25%
Dream Catcher - Acoustic
25%
Forever Stuck In Our Youth
25%
Freak Show
25%
Happy All The Time (Acoustic) (feat. Skylar Acord, Compton Kidz Club)
25%
Happy All The Time (feat. Skylar Acord)
25%
I'd Rather Drown
25%
Kill The Lights
25%
Lonely Dance
25%
Lonely Dance - Acoustic
25%
Midnight Thoughts
25%
No Control
25%
Midnight The Final ChapterOne Single Second
25%
Peekaboo
25%
Playing With Bad Luck
25%
Problem (Cover)
25%
@Reply
25%
Taste Of The Good Life
25%
The Grand Finale
25%
The Magic 8
25%
Cinematics (Deluxe) | Cinematics (Expanded Edition)Thoughts That Breathe
25%
Tomorrow (Acoustic)
25%
Tomorrow (feat. Jason Lancaster)
25%
Upside Down
25%
Who's In Control
25%
Why Do I
25%
Why Not Me
25%
Why Worry
25%
Why Worry (Acoustic)
25%
143
0%
Admit It
0%
Baby You Don't TripajahardaBreak It Up
0%
Horrible KidsBreathe In, Breathe Out
0%
Catch Me If You Can
0%
Chase It!
0%
Crutch
0%
Diamond Girl
0%
Different Songs
0%
End In Tragedy
0%
Feeling This (Cover)
0%
For You Forever
0%
Go To Bed Angry (feat. KC)
0%
Heart Breaker 101
0%
Houston We're Going Down
0%
Other (Singles/Covers)Hush Hush
0%
Hypnotized
0%
I May Not Be Fred Flintstone But I Can Make That Bed Rock
0%
Featured SongsIn Threes (As It Is, Set It Off, Jordy Purp)
0%
Calm Before The StormIntroduction To Outselling a Salesman
0%
I Promise
0%
I Think It's Arrogance
0%
I Want You (Gone) (feat. Matt Appleton)
0%
Life Afraid
0%
MIssing You
0%
Never Know
0%
No Disrespect
0%
Oh Marjorie
0%
Older (No Love For The Middle Child, Set It Off)
0%
Pages and Paragraphs
0%
Raise Not Fool
0%
Shhh... It's a Secret
0%
Upside DownSomething New
0%
So Predictable
0%
Stich Me Up
0%
Text Me, Kelly
0%
Third Wheel
0%
This Christmas (I'll Burn It To The Ground)
0%
Together Forever
0%
Tug Of War
0%
Uncontainable
0%
Unopened Windows
0%
Uptown Funk (Cover) (Against The Current, Set It Off)
0%
Want
0%
Wild Wild World (Acoustic)
0%
You Are Loved - Demo
0%

Score Distribution

Percentile by Number Answered

Percent of People with Each Score

Your Score History

You have not taken this quiz